| 000 -Etiqueta do registo | |
|---|---|
| campo de controlo de comprimento fixo | 009830000a22002770004500 |
| 001 - Identificador do registo | |
| Campo de controlo | 50625 |
| 010 ## - ISBN | |
| Número (ISBN) | 972-730-141-X |
| 021 ## - Nº depósito legal | |
| Código do país | Portugal |
| Número | 147459/2000 |
| 100 ## - Dados Gerais de Proc. | |
| Dados gerais de processamento | 20131226d2013 e y0pory5003 ba |
| 101 0# - Língua da publicação | |
| Língua do texto, banda sonora, etc. | Português |
| 102 ## - País de Publicação | |
| País de publicação | Portugal |
| 200 1# - Título | |
| Título próprio | O segredo do crocodilo |
| Informação de outro título | um livro sobre o reconhecimento dos nossos erros |
| Primeira menção de responsabilidade | trad. cristina Soeiro |
| 210 ## - Publicação, Distribuição | |
| Lugar da edição, distribuição, etc. | Rio Tinto |
| Nome do editor, distribuidor, etc. | Marus |
| Data da publicação, distribuição, etc. | 2000 |
| 215 ## - Descrição física | |
| Descrição física | 29, [2] p. |
| Outras indicações físicas | il. |
| Dimensões | 31 cm |
| 225 2# - Colecção | |
| Título próprio da colecção | Biblioteca de valores |
| 606 ## - Nome comum | |
| Koha Internal code | 2108 |
| Elemento de entrada | Literatura infantojuvenil |
| Subdivisão de assunto | conto |
| 606 ## - Nome comum | |
| Koha Internal code | 150 |
| Elemento de entrada | Amizade --[ Publicações infantis] |
| Subdivisão de assunto | Comportamento -- [Publicações infantis] |
| 675 ## - CDU | |
| Notação | 821.111(73)-34 |
| Edição | BN |
| Língua da edição | Português |
| 675 ## - CDU | |
| Notação | 17.02 |
| Edição | BN |
| Língua da edição | Português |
| 675 ## - CDU | |
| Notação | 087.5-053.5 |
| Edição | BN |
| Língua da edição | Português |
| 702 #1 - Responsabilidade secundária | |
| Koha Internal Code | 43687 |
| Código de função | Tradutor |
| Palavra de ordem | Soeiro |
| Outra parte do nome | Cristina |
| 801 ## - Fonte de origem | |
| País | Portugal |
| Data da última transacção | 20131226 |
| 859 ## - Imagem da capa | |
| Uniform Resource Location (URL) | http://catalogo.bmel.pt/multimedia/bmg/thumbs/5417_big.jpg |
| Nota informativa | capa |
| 090 ## - Números de controlo do sistema (Koha) | |
| Número biblioitem do Koha (gerado automaticamente) | 50625 |
| 942 ## - Elementos de entrada adicionados (Koha) | |
| Tipo de item no Koha | Monografias |
| Suprimido | Disponível no OPAC |
| 999 ## - Campo local | |
| Campo local | 50625 |
| Perdido (estado) | Data de aquisição | Origem do registo (biblioteca) (codificado) | Código da organização que empresta ou é detentora (biblioteca) | Código de barras | Cota | Tipo de circulação (não pode ser emprestado) | Tipo de item e material |
|---|---|---|---|---|---|---|---|
| Disponível | 2013-12-26 | Biblioteca EB23 D. Paio Peres Correia | Biblioteca EB23 D. Paio Peres Correia | BEBDPPC4735 | 82-34 BIB | Normal | Monografias |